000
00307nam a22001337a 4500
008
190222b xxu||||| |||| 00| 0 eng d
020
_a
9780073350448
041
_a
eng
080
_2
10th
_a
159.9
100
_a
49
101
_a
PSI
245
_a
Understanding Human Sexuality
_c
Hyde, J.Sh
942
_2
udc
_c
BK
999
_c
54125
_d
54125